000
00328 a2200157 4500
001
152600
040
_c
Escola São Tomás de Aquino
100
_a
ALENCAR, José de
240
1
0
_a
Iracema
_l
por
245
1
0
_a
Iracema
300
_a
64
362
0
_a
2003
440
1
_a
Scipione
697
_a
*LITERATURA JUVENIL
942
_c
BK
999
_c
152600
_d
152600